000 00463nam a22001937a 4500
003 MPLRDC
005 20220104173504.0
008 210129b ||||| |||| 00| 0 eng d
020 _a0-671-84644-2
082 _a019.1 CUT
100 _aWADE E. CUTLER
245 _aTRIPLE YOUR READING SPEED
_c
250 _a三版
260 _a
_bPRENTICE HALL INC.
_c1993
300 _b
490 _aARCO
650 _a读书法--阅读法
942 _cBK
_o019.1 CUT
999 _c59441
_d59431